| 000 | 01707nam a2200361 a 4500 | ||
|---|---|---|---|
| 001 | 000027518 | ||
| 003 | DO-SdBNP | ||
| 005 | 20250912135947.0 | ||
| 008 | 110401s1986 dr ad 001 0 spa d | ||
| 040 |
_aDO-SdBNP _bspa _cBNPHU |
||
| 082 |
_a305.8 _bM896t |
||
| 100 | 1 |
_aMoscoso, Francisco, _d1949- _954601 |
|
| 245 | 1 | 0 |
_aTribu y clases en el Caribe antiguo / _cFrancisco Moscoso ; prólogo Rafael Julián. |
| 260 |
_aSan Pedro de Macorís, República Dominicana : _bUniversidad Central del Este, _c1986. |
||
| 300 |
_axv, 518 p. ; _c23 cm. |
||
| 490 | 1 |
_aUniversidad Central del Este ; _v63 |
|
| 490 | 1 |
_aCientífica ; _v23 |
|
| 504 | _aIncluye bibliografía y notas al pie de páginas. | ||
| 504 | _aBibliografía : p. 497-514. | ||
| 505 | 0 |
_gPrólogo / _rRafael Julián -- _gIntroducción -- _gMapa -- _tSobre la evolución de la sociedad tribal -- _tLa transición de la sociedad tribal a la sociedad de clases -- _tReconstrucción arqueológica de la sociedad tribal del Caribe -- _tReconstrucción etnohistórica de la cacicazgos taínos -- _tLa revolución caciquil -- _gBibliografía. |
|
| 590 | _aInventariado, 2018/BT | ||
| 650 | 4 |
_aIndigenas de las antillas _xHistoria _944150 |
|
| 650 | 4 |
_aTaínos _xVida social y costumbres _944131 |
|
| 650 | 4 |
_aSociedades primitivas _xCaribe (región) _954602 |
|
| 650 | 4 |
_aGobierno tribal _xCaribe (región) _954603 |
|
| 650 | 4 |
_aComunidades indígenas _954604 _zCaribe (región) |
|
| 651 | 0 |
_aCaribe (Región) _xCivilización _xHistoria _987401 |
|
| 700 | 1 |
_aJulian, Rafael, _epról. _9481 |
|
| 830 | 0 |
_aUniversidad Central del Este ; _n63 _954606 |
|
| 830 | 0 |
_aCientífica ; _n23 _954607 |
|
| 910 | _aValidado. Control de calidad. EMS | ||
| 942 |
_2ddc _cLBS1 |
||
| 999 |
_c27010 _d27010 |
||